[Event "CRO Team Cup 2019"]
[Site "Losinj"]
[Date "2019.05.16"]
[Round "2.16"]
[White "Boric, Muhamed"]
[Black "Petrov, Jole"]
[Result "1/2-1/2"]
[WhiteElo "2342"]
[BlackElo "2406"]
[Annotator "RC"]
[PlyCount "124"]
[EventDate "2019.05.15"]
[EventType "team-tourn"]
[EventCountry "CRO"]
[SourceTitle "playchess.com"]
[Source "ChessBase"]
[SourceQuality "1"]
[TimeControl "40/5400+30:1800+30"]

1. Nf3 {[%emt 0:00:00]} Nf6 {[%emt 0:06:30]} 2. g3 {[%emt 0:05:00]} b5 {[%emt 0:00:30]} 3. Bg2 {[%emt 0:00:30]} Bb7 {[%emt 0:00:30]} 4. O-O {[%emt 0:00:30]} e6 {[%emt 0:00:30]} 5. d3 {[%emt 0:01:30]} d5 {[%emt 0:00:30]} 6. e4 {[%emt 0:01:30]} Be7 {[%emt 0:02:30]} 7. exd5 {[%emt 0:05:30]} Nxd5 {[%emt 0:43:30]} 8. Nd4 {[%emt 0:05:30]} c6 {[%emt 0:04:30]} 9. a4 {[%emt 0:16:30]} b4 {[%emt 0:06:30]} 10. Nb3 {[%emt 0:08:30]} a5 {[%emt 0:02:30]} 11. N1d2 {[%emt 0:00:30]} O-O {[%emt 0:03:30]} 12. Nc4 {[%emt 0:00:30]} Qc7 {[%emt 0:01:30]} 13. Qg4 {[%emt 0:10:30]} Nd7 {[%emt 0:01:30]} 14. Re1 {[%emt 0:09:30]} N7f6 {[%emt 0:01:30]} 15. Qe2 {[%emt 0:00:30]} c5 {[%emt 0:00:30]} 16. Qe5 {[%emt 0:01:30]} Qd8 {[%emt 0:01:30]} 17. Bg5 {[%emt 0:03:30]} Ra6 {[%emt 0:05:30]} 18. Ne3 {[%emt 0:07:30]} Bd6 {[%emt 0:02:55]} 19. Bxf6 {[%emt 0:00:30]} Nxf6 {[%emt 0:01:36]} 20. Qg5 {[%emt 0:00:30]} h6 {[%emt 0:04:50]} 21. Qh4 {[%emt 0:00:30]} Bxg2 {[%emt 0:01:02]} 22. Kxg2 {[%emt 0:00:30]} Qa8+ {[%emt 0:00:15]} 23. Kg1 {[%emt 0:00:00]} Qc6 {[%emt 0:00:20]} 24. Nc4 {[%emt 0:00:00]} Bc7 {[%emt 0:03:20]} 25. Qh3 {[%emt 0:00:30]} Rc8 {[%emt 0:01:16]} 26. Qg2 {[%emt 0:00:30]} Nd5 {[%emt 0:00:46]} 27. Qf3 {[%emt 0:02:57]} Bd8 {[%emt 0:00:18]} 28. h4 {[%emt 0:02:42]} Qc7 {[%emt 0:00:19]} 29. Kg2 {[%emt 0:03:17]} Bf6 {[%emt 0:00:17]} 30. Re4 {[%emt 0:00:27]} Ra7 {[%emt 0:01:34]} 31. Re2 {[%emt 0:02:04]} Nb6 {[%emt 0:01:00]} 32. Nbd2 {[%emt 0:00:43]} Nd5 {[%emt 0:00:30]} 33. Nb3 {[%emt 0:00:00]} g6 {[%emt 0:01:54]} 34. Nbd2 {[%emt 0:08:40]} Bg7 {[%emt 0:00:09]} 35. Rf1 {[%emt 0:00:00]} Qc6 {[%emt 0:00:48]} 36. b3 {[%emt 0:00:01]} Qc7 {[%emt 0:00:23]} 37. Ne4 {[%emt 0:01:41]} Ra6 {[%emt 0:00:21]} 38. Kh1 {[%emt 0:00:17]} Rd8 {[%emt 0:00:32]} 39. Ned2 {[%emt 0:00:38]} Ra7 {[%emt 0:00:27]} 40. Qg2 {[%emt 0:01:25]} Ra6 {[%emt 0:00:44]} 41. Nf3 {[%emt 0:30:54]} Raa8 {[%emt 0:30:36]} 42. Nfd2 {[%emt 0:01:13]} Re8 {[%emt 0:00:21]} 43. Rfe1 {[%emt 0:00:27]} Rad8 {[%emt 0:00:39]} 44. Rf1 {[%emt 0:01:28]} Kh7 {[%emt 0:00:24]} 45. Qf3 {[%emt 0:00:10]} Nc3 {[%emt 0:00:51]} 46. Ree1 {[%emt 0:00:00]} f5 {[%emt 0:00:00]} 47. h5 {[%emt 0:00:00]} g5 {[%emt 0:00:00]} 48. Rxe6 {[%emt 0:00:00]} Rf8 {[%emt 0:00:00]} 49. Rfe1 {[%emt 0:00:00]} g4 {[%emt 0:00:00]} 50. Qc6 {[%emt 0:00:00]} Qf7 {[%emt 0:00:00]} 51. Rg6 {[%emt 0:00:00]} Rc8 {[%emt 0:00:00]} 52. Qd6 {[%emt 0:00:00]} Rce8 {[%emt 0:00:00]} 53. Ree6 {[%emt 0:00:00]} f4 {[%emt 0:00:00]} 54. gxf4 {[%emt 0:00:00]} Rd8 {[%emt 0:00:00]} 55. Re7 {[%emt 0:00:00]} Rxd6 {[%emt 0:00:00]} 56. Rxf7 {[%emt 0:00:00]} Rxf7 {[%emt 0:00:00]} 57. Nxd6 {[%emt 0:00:00]} Rxf4 {[%emt 0:00:00]} 58. N6e4 {[%emt 0:01:09]} Nd1 {[%emt 0:00:00]} 59. Kg2 {[%emt 0:00:50]} Bd4 {[%emt 0:00:00]} 60. Kg3 {[%emt 0:00:16]} Be5 {[%emt 0:00:00]} 61. Kg2 {[%emt 0:01:00]} Bd4 {[%emt 0:00:00]} 62. Kg3 {[%emt 0:03:56]} Be5 {[%emt 0:00:00]} 1/2-1/2

[Event "CRO Team Cup 2019"]
[Site "Losinj"]
[Date "2019.05.16"]
[Round "2.17"]
[White "Biti, Ozren"]
[Black "Saric, Ante"]
[Result "1/2-1/2"]
[WhiteElo "2366"]
[BlackElo "2534"]
[Annotator "RC"]
[PlyCount "34"]
[EventDate "2019.05.15"]
[EventType "team-tourn"]
[EventCountry "CRO"]
[SourceTitle "playchess.com"]
[Source "ChessBase"]
[SourceQuality "1"]
[TimeControl "40/5400+30:1800+30"]

1. e4 {[%emt 0:00:30]} c5 {[%emt 0:00:30]} 2. Nc3 {[%emt 0:00:00]} Nc6 {[%emt 0:00:30]} 3. Bb5 {[%emt 0:01:00]} Nd4 {[%emt 0:00:00]} 4. Bc4 {[%emt 0:00:30]} e6 {[%emt 0:00:00]} 5. Nge2 {[%emt 0:00:30]} Nf6 {[%emt 0:00:30]} 6. O-O {[%emt 0:00:30]} a6 {[%emt 0:00:00]} 7. a4 {[%emt 0:00:30]} d5 {[%emt 0:01:00]} 8. exd5 {[%emt 0:00:30]} exd5 {[%emt 0:00:30]} 9. Ba2 {[%emt 0:00:30]} Nxe2+ {[%emt 0:00:30]} 10. Qxe2+ {[%emt 0:00:30]} Be7 {[%emt 0:00:00]} 11. d3 {[%emt 0:03:30]} Be6 {[%emt 0:01:00]} 12. Bg5 {[%emt 0:01:30]} O-O {[%emt 0:01:30]} 13. Qf3 {[%emt 0:02:30]} Rb8 {[%emt 0:02:30]} 14. Rfb1 {[%emt 0:18:30]} Bg4 {[%emt 0:06:30]} 15. Qg3 {[%emt 0:02:30]} Be6 {[%emt 0:00:30]} 16. Qf3 {[%emt 0:01:30]} Bg4 {[%emt 0:02:30]} 17. Qg3 {[%emt 0:00:30]} Be6 {[%emt 0:00:30]} 1/2-1/2

[Event "CRO Team Cup 2019"]
[Site "Losinj"]
[Date "2019.05.16"]
[Round "2.18"]
[White "Plenca, Julijan"]
[Black "Ascic, Pero"]
[Result "1/2-1/2"]
[WhiteElo "2411"]
[BlackElo "2324"]
[Annotator "TA"]
[PlyCount "70"]
[EventDate "2019.05.15"]
[EventType "team-tourn"]
[EventCountry "CRO"]
[SourceTitle "playchess.com"]
[Source "ChessBase"]
[SourceQuality "1"]

{[%evp 13,70,20,28,15,56,52,77,68,63,41,53,37,85,76,60,29,91,-9,0,-7,-2,0,-20,-10,47,8,20,4,9,0,0,0,0,0,0,-12,1,4,2,2,17,-42,-6,-9,-17,-90,11,0,0,0,0,0,0,-10,0,0,0,0,26]} 1. e4 e5 2. Nf3 Nf6 3. Nxe5 d6 4. Nf3 Nxe4 5. c4 Be7 6. d4 O-O 7. Bd3 Nf6 8. h3 {C42: Petroff Defence: 3 Nxe5 and unusual White 3rd moves} Re8 9. O-O b6 (9... Nbd7 10. Nc3 Nf8 11. Bf4 Ng6 12. Bh2 c6 13. Qd2 a5 14. Rfe1 Bd7 15. Re3 Bf8 16. Rxe8 Bxe8 17. Re1 Qb6 18. Qc2 {½-½ (65) Grandelius,N (2641)-Granda Zuniga,J (2672) Linares 2016}) 10. Nc3 {White is better.} Bb7 11. d5 $146 ({Predecessor:} 11. Bc2 Nbd7 12. Be3 Bf8 13. Bb3 g6 14. Re1 Bg7 15. Rc1 c5 16. d5 Ne4 17. Nxe4 Rxe4 {0-1 (29) Koga,K-Pope,J corr 1987}) 11... Nbd7 12. Bc2 Bf8 13. Bg5 h6 14. Be3 Ba6 (14... c6 $11) 15. Ba4 (15. b3 $16) 15... Bxc4 $11 16. Re1 b5 17. Bxb5 Bxb5 18. Nxb5 Nb6 (18... Qb8 $11 19. Qb3 a6) 19. Bxb6 (19. Nc3 {is more complex.} Qb8 20. Qd3 Qb7 21. Rad1 Nbd7 22. b3) 19... Rxe1+ 20. Nxe1 cxb6 21. Qf3 g6 22. Rc1 a6 23. Nd4 {[#] Nc6 is the strong threat.} Nd7 24. Nd3 Bg7 25. Nc6 Qf6 26. Qe4 Bf8 27. b4 (27. h4 $11) 27... b5 28. Na5 Qg5 29. h4 (29. Rc7 $11 Nb6 30. Nf4) 29... Qd8 (29... Qd2 $17 {And now ...Ne5 would win.} 30. Re1 Qxa2) 30. g3 {The position is equal.} Nf6 31. Qf3 Bg7 32. Rc6 Qd7 33. Nf4 Re8 34. Rxa6 Qf5 {Threatens to win with ...g5.} 35. Qd3 {[#] Black must now prevent Qxf5.} ({Don't play} 35. Rxd6 g5 $17) 35... Re4 {Accuracy: White = 35%, Black = 45%.} 1/2-1/2

[Event "CRO Team Cup 2019"]
[Site "Losinj"]
[Date "2019.05.16"]
[Round "2.19"]
[White "Filipovic, Marko"]
[Black "Bobanac, Miro"]
[Result "1-0"]
[WhiteElo "2324"]
[BlackElo "2304"]
[Annotator "TA"]
[PlyCount "75"]
[EventDate "2019.05.15"]
[EventType "team-tourn"]
[EventCountry "CRO"]
[SourceTitle "playchess.com"]
[Source "ChessBase"]
[SourceQuality "1"]

{[%evp 9,75,0,0,3,2,-26,-22,-37,-18,-18,-19,-16,-12,-65,-61,-67,-61,-66,-66,-84,-79,-72,-72,-77,-80,-92,-108,-102,-37,-37,-37,-37,-39,-59,-82,-119,-145,-189,-143,-147,-129,-147,-82,-84,-80,-86,-45,-72,-53,-52,460,223,594,594,502,503,693,-68,691,685,29992,29993,29993,29994,29995,29996,29996,29997]} 1. d4 Nf6 2. Nf3 b5 3. a4 b4 4. c4 Bb7 (4... e6 5. Bg5 Bb7 6. Nbd2 h6 7. Bxf6 Qxf6 8. e4 c5 9. Bd3 cxd4 10. e5 Qd8 11. Nb3 {½-½ (66) Salvador,R (2533)-Tu,H (2379) Ho Chi Minh City 2011}) 5. Nbd2 e6 6. Qc2 {A46: 1 d4 Nf6 2 Nf3 e6: Torre, London and Colle Systems} c5 7. d5 $146 ({Predecessor:} 7. b3 cxd4 8. Bb2 Bc5 9. Nxd4 d6 10. e3 Nbd7 11. Be2 {1-0 (57) Pottker,G (2075)-Lucena,L (2157) Brasilia 2014}) 7... exd5 8. cxd5 {The position is equal.} Bxd5 9. e4 Be6 10. e5 Nd5 11. Ne4 (11. Nb3 $11) 11... Qc7 $15 12. Neg5 Nc6 13. Qe4 Be7 14. Bd3 h6 15. Nxe6 dxe6 16. O-O O-O-O 17. Bd2 g5 18. Bb5 {[#]} g4 $1 {[%mdl 512]} 19. Qxg4 Nxe5 20. Nxe5 Qxe5 21. Qf3 Qxb2 22. Be3 Qf6 23. Qe4 Rhg8 24. g3 Kb8 25. Rac1 Rc8 (25... Qg6 $142 $1 {[%cal Rg6e4]} 26. Qxg6 Rxg6 27. Bxc5 Bxc5 28. Rxc5 Rc8 29. Rxc8+ Kxc8) 26. Rfd1 $17 Rgd8 27. Ba6 Rc6 {[#]} 28. Bd4 $1 {[%cal Rd4f6][%mdl 512]} Qg6 (28... cxd4 29. Rxc6) 29. Qe2 $1 {aiming for Bxc5!} Bd6 $2 {[%mdl 8192] [#]} (29... Ka8 $15 {keeps the upper hand.} 30. Be5 f6) 30. a5 {[#]} (30. Bxc5 $142 $1 {[%mdl 512]} Bxc5 (30... Rxc5 31. Rxc5) 31. Qb5+ Rb6 32. Qxc5) 30... Rc7 $2 (30... c4 $1 {is a better chance.} 31. Bxc4 Qf5) 31. Qb5+ $18 Ka8 {Threatens to win with ...Qh5.} 32. Bxc5 Rb8 {[#]} 33. Qxb8+ $1 {[%mdl 512]} Kxb8 34. Bxd6 {[%mdl 64] Threatening mate with Rxd5. Pin, Discovered Attack} Nc3 35. Rxc3 {White mates.} bxc3 {[#]} 36. Be5 $1 {[%cal Rd1d8][%mdl 512]} Qg8 37. Rb1+ Ka8 38. Bxc7 {Accuracy: White = 63%, Black = 48%.} 1-0

[Event "CRO Team Cup 2019"]
[Site "Losinj"]
[Date "2019.05.16"]
[Round "2.20"]
[White "Cotic, Borna"]
[Black "Vargic, Drago"]
[Result "0-1"]
[WhiteElo "2103"]
[BlackElo "2274"]
[Annotator "RC"]
[PlyCount "130"]
[EventDate "2019.05.15"]
[EventType "team-tourn"]
[EventCountry "CRO"]
[SourceTitle "playchess.com"]
[Source "ChessBase"]
[SourceQuality "1"]
[TimeControl "40/5400+30:1800+30"]

1. e4 {[%emt 0:00:30]} e6 {[%emt 0:00:30]} 2. d4 {[%emt 0:00:00]} d5 {[%emt 0:00:30]} 3. Nd2 {[%emt 0:00:00]} Nf6 {[%emt 0:01:30]} 4. e5 {[%emt 0:00:30]} Nfd7 {[%emt 0:00:30]} 5. Bd3 {[%emt 0:00:30]} c5 {[%emt 0:00:00]} 6. c3 {[%emt 0:00:00]} Nc6 {[%emt 0:00:00]} 7. Ne2 {[%emt 0:00:00]} cxd4 {[%emt 0:02:30]} 8. cxd4 {[%emt 0:00:30]} Nb6 {[%emt 0:07:30]} 9. O-O {[%emt 0:01:30]} a5 {[%emt 0:00:30]} 10. Nf3 {[%emt 0:07:30]} a4 {[%emt 0:02:30]} 11. Bg5 {[%emt 0:13:30]} Be7 {[%emt 0:02:30]} 12. Bxe7 {[%emt 0:01:30]} Qxe7 {[%emt 0:00:30]} 13. Nc3 {[%emt 0:06:30]} O-O {[%emt 0:04:30]} 14. Rc1 {[%emt 0:07:30]} f6 {[%emt 0:03:30]} 15. exf6 {[%emt 0:02:30]} Qxf6 {[%emt 0:07:30]} 16. Bb5 {[%emt 0:01:30]} a3 {[%emt 0:08:30]} 17. b3 {[%emt 0:04:30]} Bd7 {[%emt 0:07:30]} 18. Na4 {[%emt 0:11:30]} Nxa4 {[%emt 0:02:30]} 19. Bxa4 {[%emt 0:05:30]} Be8 {[%emt 0:03:30]} 20. Bxc6 {[%emt 0:01:30]} Bxc6 {[%emt 0:03:30]} 21. Qd2 {[%emt 0:01:30]} Qe7 {[%emt 0:03:30]} 22. Ne5 {[%emt 0:01:30]} Bb5 {[%emt 0:00:30]} 23. Rfe1 {[%emt 0:00:30]} Rf6 {[%emt 0:06:30]} 24. Rc5 {[%emt 0:01:30]} Be8 {[%emt 0:06:30]} 25. Rec1 {[%emt 0:00:30]} Qd6 {[%emt 0:00:30]} 26. Rc8 {[%emt 0:01:30]} Rxc8 {[%emt 0:01:30]} 27. Rxc8 {[%emt 0:00:00]} Rf8 {[%emt 0:00:00]} 28. g3 {[%emt 0:04:00]} h6 {[%emt 0:00:00]} 29. Kg2 {[%emt 0:00:30]} Bb5 {[%emt 0:02:30]} 30. Rxf8+ {[%emt 0:00:30]} Qxf8 {[%emt 0:00:30]} 31. Qc2 {[%emt 0:02:30]} Ba6 {[%emt 0:02:30]} 32. Qg6 {[%emt 0:07:38]} Qe7 {[%emt 0:04:24]} 33. Ng4 {[%emt 0:03:12]} Kf8 {[%emt 0:03:24]} 34. Ne5 {[%emt 0:01:20]} Kg8 {[%emt 0:00:30]} 35. Ng4 {[%emt 0:01:44]} Kf8 {[%emt 0:00:52]} 36. Qh7 {[%emt 0:02:56]} Ke8 {[%emt 0:00:25]} 37. Ne5 {[%emt 0:00:44]} Kd8 {[%emt 0:00:17]} 38. Qc2 {[%emt 0:01:42]} Bb5 {[%emt 0:03:10]} 39. Qc3 {[%emt 0:00:35]} Be2 {[%emt 0:01:18]} 40. Qa5+ {[%emt 0:01:05]} Kc8 {[%emt 0:00:37]} 41. b4 {[%emt 0:34:35]} Kb8 {[%emt 0:32:59]} 42. Qxa3 {[%emt 0:00:54]} Qc7 {[%emt 0:01:23]} 43. Qb2 {[%emt 0:00:50]} Bb5 {[%emt 0:00:12]} 44. Qd2 {[%emt 0:00:56]} g5 {[%emt 0:00:00]} 45. a3 {[%emt 0:00:00]} Qh7 {[%emt 0:00:00]} 46. Qd1 {[%emt 0:00:00]} Qe4+ {[%emt 0:00:00]} 47. f3 {[%emt 0:00:00]} Qe3 {[%emt 0:00:00]} 48. a4 {[%emt 0:00:00]} Bc4 {[%emt 0:00:00]} 49. b5 {[%emt 0:00:00]} Kc7 {[%emt 0:00:00]} 50. Ng4 {[%emt 0:00:00]} Qc3 {[%emt 0:00:00]} 51. Nxh6 {[%emt 0:00:00]} Qb2+ {[%emt 0:00:00]} 52. Kg1 {[%emt 0:01:16]} Be2 {[%emt 0:00:00]} 53. Qe1 {[%emt 0:00:18]} Qxd4+ {[%emt 0:00:00]} 54. Qf2 {[%emt 0:00:51]} Qd1+ {[%emt 0:00:00]} 55. Kg2 {[%emt 0:00:06]} d4 {[%emt 0:00:00]} 56. Nf7 {[%emt 0:00:56]} b6 {[%emt 0:00:00]} 57. Nxg5 {[%emt 0:01:37]} Kd6 {[%emt 0:00:00]} 58. Ne4+ {[%emt 0:00:41]} Kd5 {[%emt 0:00:00]} 59. h4 {[%emt 0:00:53]} Qc2 {[%emt 0:00:00]} 60. Kh3 {[%emt 0:01:38]} Qd1 {[%emt 0:05:10]} 61. Ng5 {[%emt 0:01:11]} Bd3 {[%emt 0:02:46]} 62. g4 {[%emt 0:01:01]} e5 {[%emt 0:00:28]} 63. h5 {[%emt 0:00:33]} Qc1 {[%emt 0:03:15]} 64. Kh4 {[%emt 0:00:39]} Bb1 {[%emt 0:01:28]} 65. Nh3 {[%emt 0:00:35]} d3 {[%emt 0:05:11]} 0-1

[Event "CRO Team Cup 2019"]
[Site "Losinj"]
[Date "2019.05.16"]
[Round "3.1"]
[White "Saric, Ivan"]
[Black "Lalic, Bogdan"]
[Result "1/2-1/2"]
[WhiteElo "2694"]
[BlackElo "2400"]
[Annotator "RC"]
[PlyCount "77"]
[EventDate "2019.05.15"]
[EventType "team-tourn"]
[EventCountry "CRO"]
[SourceTitle "playchess.com"]
[Source "ChessBase"]
[SourceQuality "1"]
[TimeControl "40/5400+30:1800+30"]

1. e4 {[%emt 0:00:30]} e5 {[%emt 0:07:30]} 2. Nf3 {[%emt 0:00:00]} Nc6 {[%emt 0:00:30]} 3. Bb5 {[%emt 0:00:00]} a6 {[%emt 0:00:00]} 4. Ba4 {[%emt 0:00:00]} Nf6 {[%emt 0:00:00]} 5. O-O {[%emt 0:00:00]} Be7 {[%emt 0:01:30]} 6. d3 {[%emt 0:03:30]} d6 {[%emt 0:00:30]} 7. c3 {[%emt 0:00:30]} O-O {[%emt 0:00:30]} 8. Re1 {[%emt 0:00:30]} b5 {[%emt 0:00:30]} 9. Bc2 {[%emt 0:00:30]} Nb8 {[%emt 0:00:30]} 10. d4 {[%emt 0:03:30]} Nbd7 {[%emt 0:05:30]} 11. Nbd2 {[%emt 0:00:30]} Bb7 {[%emt 0:00:30]} 12. Nf1 {[%emt 0:02:30]} Re8 {[%emt 0:00:00]} 13. Ng3 {[%emt 0:00:00]} Bf8 {[%emt 0:00:00]} 14. a4 {[%emt 0:05:00]} c5 {[%emt 0:01:30]} 15. d5 {[%emt 0:00:30]} c4 {[%emt 0:00:00]} 16. Bg5 {[%emt 0:08:30]} h6 {[%emt 0:00:00]} 17. Be3 {[%emt 0:00:30]} Nc5 {[%emt 0:09:30]} 18. Qd2 {[%emt 0:12:30]} Qc7 {[%emt 0:01:30]} 19. h3 {[%emt 0:00:30]} Nfd7 {[%emt 0:00:30]} 20. Nh2 {[%emt 0:06:30]} Nb6 {[%emt 0:01:30]} 21. a5 {[%emt 0:02:30]} Nba4 {[%emt 0:01:30]} 22. Ng4 {[%emt 0:10:30]} Nxb2 {[%emt 0:00:30]} 23. Bxh6 {[%emt 0:03:30]} Bc8 {[%emt 0:07:30]} 24. Nf5 {[%emt 0:08:30]} f6 {[%emt 0:05:30]} 25. Be3 {[%emt 0:05:30]} Nbd3 {[%emt 0:01:30]} 26. Bxc5 {[%emt 0:01:30]} Nxc5 {[%emt 0:00:30]} 27. Re3 {[%emt 0:03:30]} Bxf5 {[%emt 0:08:30]} 28. exf5 {[%emt 0:00:30]} Kf7 {[%emt 0:01:30]} 29. Rg3 {[%emt 0:00:30]} Ke7 {[%emt 0:00:00]} 30. h4 {[%emt 0:00:30]} Kd8 {[%emt 0:00:00]} 31. h5 {[%emt 0:00:30]} Qf7 {[%emt 0:01:30]} 32. h6 {[%emt 0:02:30]} gxh6 {[%emt 0:00:30]} 33. Nxh6 {[%emt 0:00:30]} Qh7 {[%emt 0:02:30]} 34. Rg6 {[%emt 0:02:02]} Bxh6 {[%emt 0:00:00]} 35. Rxh6 {[%emt 0:00:09]} Qg7 {[%emt 0:00:00]} 36. Rg6 {[%emt 0:00:07]} Qh8 {[%emt 0:00:00]} 37. Rh6 {[%emt 0:06:13]} Qg7 {[%emt 0:00:00]} 38. Rg6 {[%emt 0:00:00]} Qh8 {[%emt 0:00:30]} 39. Rh6 {[%emt 0:11:16]} 1/2-1/2

[Event "CRO Team Cup 2019"]
[Site "Losinj"]
[Date "2019.05.16"]
[Round "3.2"]
[White "Loncar, Robert"]
[Black "Markus, Robert"]
[Result "1/2-1/2"]
[WhiteElo "2407"]
[BlackElo "2595"]
[Annotator "TA"]
[PlyCount "22"]
[EventDate "2019.05.15"]
[EventType "team-tourn"]
[EventCountry "CRO"]
[SourceTitle "playchess.com"]
[Source "ChessBase"]
[SourceQuality "1"]

{[%evp 11,22,31,37,37,39,29,32,45,32,22,89,35,22]} 1. d4 Nf6 2. c4 d6 3. Nc3 Nbd7 4. e4 e5 5. d5 Be7 6. Bd3 O-O 7. h3 {A53: Old Indian Defence without Nf3} (7. Nge2 c6 8. O-O a6 9. Ng3 Ne8 10. Nf5 Bg5 11. Bxg5 Qxg5 12. dxc6 bxc6 13. Bc2 Nc5 14. b4 Ne6 15. Ne2 {1-0 (44) Almeida Quintana,O (2540)-Andyka,P (2274) Batumi 2018}) 7... c6 8. Be3 Nc5 9. Bc2 cxd5 10. exd5 $146 ({Predecessor:} 10. cxd5 a5 11. Nge2 Ne8 12. Qd2 Bd7 13. g4 b5 14. Ng3 {½-½ (24) Kupka,S (2375)-Moehring,G (2370) Horni Lomna 1989}) 10... a5 (10... Nfd7 $11) 11. g4 (11. Bxc5 $16 {Black must now prevent Be3.} dxc5 12. Nf3) 11... Ne8 1/2-1/2

[Event "CRO Team Cup 2019"]
[Site "Losinj"]
[Date "2019.05.16"]
[Round "3.3"]
[White "Jovanic, Ognjen"]
[Black "Sale, Srdjan"]
[Result "1-0"]
[WhiteElo "2511"]
[BlackElo "2443"]
[Annotator "TA"]
[PlyCount "48"]
[EventDate "2019.05.15"]
[EventType "team-tourn"]
[EventCountry "CRO"]
[SourceTitle "playchess.com"]
[Source "ChessBase"]
[SourceQuality "1"]

{[%evp 19,48,67,94,86,102,98,191,154,164,159,493,484,477,465,692,682,656,675,687,657,936,911,920,909,1058,1116,1103,1115,1112,1068,1025]} 1. d4 Nf6 2. c4 g6 3. Nc3 Bg7 4. e4 d6 5. h3 O-O 6. Bg5 c5 7. d5 b5 8. cxb5 a6 9. a4 Qa5 10. Bd2 Qb4 11. Bd3 {[#] Threatens to win with Nce2. E71: King's Indian: 4 e4 d6 5 h3} c4 (11... Nfd7 12. Nf3 c4 13. Be2 Qxb2 14. Rb1 Qa3 15. Qc2 axb5 16. axb5 Nb6 17. O-O N8d7 18. Rfc1 Nc5 {½-½ (74) Grigoryan,A (2605)-Bernadskiy,V (2475) Albena 2013}) 12. Bc2 Qxb2 (12... Bd7 $16 {keeps fighting.}) 13. Rb1 {White is clearly better.} Qa3 14. Nge2 Bd7 $146 (14... Bb7 $16 {is tougher.} 15. b6 Nbd7) ({Predecessor:} 14... Nbd7 15. b6 Rb8 16. Nb5 axb5 17. Bb4 Qa2 18. Nc3 Qxb1 19. Qxb1 bxa4 20. Nxa4 Nxb6 {1-0 (28) Praszak,M (2099)-Czyz,A (1981) Poronin 2014}) 15. b6 $18 {White is clearly winning.} a5 16. Bc1 Qc5 (16... Qb4 $142 17. O-O Na6 18. Rxb4 axb4) 17. Be3 Qa3 18. b7 Ra6 19. Nb5 Qb4+ 20. Rxb4 axb4 21. Nc7 b3 22. Nxa6 Nxa6 {[#]} 23. Bxb3 $1 cxb3 24. Qxb3 Nxe4 1-0

[Event "CRO Team Cup 2019"]
[Site "Losinj"]
[Date "2019.05.16"]
[Round "3.4"]
[White "Medak, Bojan"]
[Black "Plenca, Jadranko"]
[Result "1/2-1/2"]
[WhiteElo "2347"]
[BlackElo "2468"]
[Annotator "TA"]
[PlyCount "34"]
[EventDate "2019.05.15"]
[EventType "team-tourn"]
[EventCountry "CRO"]
[SourceTitle "playchess.com"]
[Source "ChessBase"]
[SourceQuality "1"]

{[%evp 17,24,10,10,10,7,8,7,5,5]} 1. c4 Nf6 2. Nc3 e6 3. e4 c5 4. Nf3 Nc6 5. Be2 d5 6. exd5 exd5 7. d4 Be7 8. O-O O-O 9. cxd5 Nxd5 {The position is equal.} 10. Nxd5 {C01: French: Exchange Variation} Qxd5 11. Be3 cxd4 12. Nxd4 Nxd4 {Predecessor:} 13. Qxd4 $146 Qxd4 14. Bxd4 Rd8 15. Rfd1 Be6 16. Bf3 Bf6 17. Bxf6 gxf6 {½-½ (45) Zhang,P (2649)-Cheparinov,I (2657) Taiyuan 2007} 1/2-1/2

[Event "CRO Team Cup 2019"]
[Site "Losinj"]
[Date "2019.05.16"]
[Round "3.5"]
[White "Martinovic, Sasa"]
[Black "Kozul, Zdenko"]
[Result "1-0"]
[WhiteElo "2560"]
[BlackElo "2582"]
[Annotator "ChessBase"]
[PlyCount "77"]
[EventDate "2019.05.15"]
[EventType "team-tourn"]
[EventCountry "CRO"]
[SourceTitle "playchess.com"]
[Source "ChessBase"]
[SourceQuality "1"]
[TimeControl "40/5400+30:1800+30"]

1. d4 {[%emt 0:00:30]} Nf6 {[%emt 0:03:30]} 2. c4 {[%emt 0:00:00]} g6 {[%emt 0:00:30]} 3. Nc3 {[%emt 0:00:00]} Bg7 {[%emt 0:00:30]} 4. e4 {[%emt 0:00:00]} d6 {[%emt 0:00:30]} 5. h3 {[%emt 0:00:00]} O-O {[%emt 0:00:30]} 6. Nf3 {[%emt 0:00:00]} c6 {[%emt 0:01:30]} 7. Be3 {[%emt 0:00:00]} Na6 {[%emt 0:00:30]} 8. Bd3 {[%emt 0:00:30]} e5 {[%emt 0:04:30]} 9. O-O {[%emt 0:00:30]} Nh5 {[%emt 0:13:30]} 10. Re1 {[%emt 0:00:00]} Nf4 {[%emt 0:14:30]} 11. Bf1 {[%emt 0:00:00]} c5 {[%emt 0:00:30]} 12. d5 {[%emt 0:12:30]} h6 {[%emt 0:15:30]} 13. Kh2 {[%emt 0:13:30]} g5 {[%emt 0:00:30]} 14. g3 {[%emt 0:02:30]} Ng6 {[%emt 0:00:00]} 15. Nd2 {[%emt 0:02:30]} Qd7 {[%emt 0:06:00]} 16. a3 {[%emt 0:13:30]} Bf6 {[%emt 0:01:30]} 17. Rb1 {[%emt 0:07:30]} Kg7 {[%emt 0:01:30]} 18. Qh5 {[%emt 0:09:30]} Bd8 {[%emt 0:01:30]} 19. b4 {[%emt 0:01:30]} Bb6 {[%emt 0:00:30]} 20. Be2 {[%emt 0:02:30]} Qd8 {[%emt 0:05:30]} 21. Na4 {[%emt 0:06:30]} cxb4 {[%emt 0:04:30]} 22. Nxb6 {[%emt 0:00:30]} axb6 {[%emt 0:00:30]} 23. axb4 {[%emt 0:00:00]} f5 {[%emt 0:01:30]} 24. f4 {[%emt 0:03:00]} Rh8 {[%emt 0:10:18]} 25. Bd3 {[%emt 0:04:30]} Qf6 {[%emt 0:00:43]} 26. Rf1 {[%emt 0:08:33]} exf4 {[%emt 0:01:20]} 27. gxf4 {[%emt 0:00:13]} gxf4 {[%emt 0:00:09]} 28. exf5 {[%emt 0:05:57]} Ne5 {[%emt 0:09:53]} 29. Bd4 {[%emt 0:00:17]} Kf8 {[%emt 0:00:38]} 30. Ne4 {[%emt 0:03:50]} Nf3+ {[%emt 0:01:45]} 31. Rxf3 {[%emt 0:00:15]} Qxd4 {[%emt 0:00:09]} 32. Nxd6 {[%emt 0:00:57]} Ke7 {[%emt 0:00:54]} 33. Nb5 {[%emt 0:03:05]} Qf6 {[%emt 0:00:05]} 34. Rxf4 {[%emt 0:00:57]} Nxb4 {[%emt 0:01:01]} 35. Qe2+ {[%emt 0:00:47]} Kd8 {[%emt 0:00:06]} 36. Rxb4 {[%emt 0:00:06]} Re8 {[%emt 0:00:26]} 37. Qf2 {[%emt 0:00:19]} Ra1 {[%emt 0:00:56]} 38. d6 {[%emt 0:01:01]} Ree1 {[%emt 0:00:13]} 39. Qxb6+ {[%emt 0:00:00]} 1-0